00884nam a2200193 a 4500008004100000020001800041050001500059100002100074245020900095260003400304300001700338650003600355650003900391650003000430700002000460995007800480999001700558952011500575160929s2016 ||||||||||||||||| || u a9781482861235 aHC 915 ZAM aSumaili, Fanuel 10aZambia: at fifty years : what went right, what went wrong and wither to. A treatise of the country's socio-economic and political developments since independencecedited by Royson Mukwena & Fanuel Sumaili aSouth AfricabPartridgec2016 ax, 390 pages 0aZAMBIA--POLITICS AND GOVERNMENT 0aZAMBIA--ECONOMIC CONDITIONS--1964- aZAMBIA--SOCIAL CONDITIONS aMukwena, Royson FCBU-MAIN LIBRARY (Kitwe)M1UAVAILABLEWSep 29, 2016ZZambiana Collection c62347d62347 00102lcc4070a001b001cZambiana Collectiond2022-11-30l0oHC 915 ZAMp746926r2022-11-30w2022-11-30y002